| 000 | 00754nam a2200253Ia 4500 | ||
|---|---|---|---|
| 003 | OSt | ||
| 005 | 20221005093127.0 | ||
| 006 | a|||||r|||| 00| 0 | ||
| 007 | ta | ||
| 008 | 221004b |||||||| |||| 00| 0 eng d | ||
| 024 | _a69748 | ||
| 037 | _cTextual | ||
| 040 |
_aCRL _cCRL _beng |
||
| 041 |
_2eng _aeng |
||
| 082 | _aX9D.1.N83t4, M5 | ||
| 110 | _aUnited Nations Centre on Transnational Corporations. | ||
| 245 | 0 |
_aTransnational corporations in World development _b Third survey. |
|
| 260 |
_aNew York _bUnited Nation Centre _c1983 |
||
| 300 |
_a304p _ccm. |
||
| 650 | _aECONOMICS | ||
| 700 | _aUnited Nations Centre on Transnational Corporations. | ||
| 942 |
_hX9D.1.N83t4, M5 _cTEXL _2cc |
||
| 999 |
_c999887 _d999887 |
||